ბათუმის შოთა რუსთაველის სახელმწიფო უნივერსიტეტის ბიბლიოთეკა

სახელმწიფო ენის სწავლების საკითხები, პრობლემები და გამოწვევები / (ბიბ.ჩანაწერი № 37533)

000 -ლიდერი
ფიქსირებული სიგრძის საკონტროლო ველი 02413nam a2200241Ia 4500
001 - საკონტროლო ნომერი
საკონტროლო ველი 3497
003 - საკონტროლო ნომრის იდენტიფიკატორი
საკონტროლო ველი GE_BSU
005 - ბოლო ოპერაციის თარიღი და დრო
საკონტროლო ველი 20190619183412.0
008 - ფიქსირებული სიგრძის მონაცემთა ელემენტები - ზოგადი ინფორმაცია
ფიქსირებული სიგრძის საკონტროლო ველი 181216s2011||||ge |||||||||||||| ||geo||
040 ## - კატალოგიზაციის წყარო
Transcribing agency GE_BSU
041 ## - ენის კოდი
Language code of text/sound track or separate title geo
080 ## - უნივერსალური ათობითი კლასიფიკაციის ინდექსი
Universal Decimal Classification number 81(479.22)(063)+37(479.22)(063) ს–36
245 ## - ცნობა სათაურის შესახებ
Title სახელმწიფო ენის სწავლების საკითხები, პრობლემები და გამოწვევები /
Statement of responsibility, etc კონფერენც. ორგანიზატორი : ივანე ჯავახიშვილის სახელობის თბილისის სახელმწიფო უნივერსიტეტი; პარტნიორები და მხარდამჭერები : საქართველოს განათლებისა და მეცნიერების სამინისტრო; შოთა რუსთაველის სახელმწიფო უნივერსიტეტი, სამოქალაქო ინტეგრაციისა და ეროვნებათშორისი ურთიერთობების ცენტრი; ფინანსური მხარდაჭერა : შოთა რუსთაველის ეროვნული სამეცნიერო ფონდი.
264 ## - წარმოების, გამოცემის, დისტრიბუციის და სხვა ცნობები
გამოცემის, წარმოების, დისტრიბუციის... ადგილი ბათუმი,
გამოცემის, წარმოების, დისტრიბუციის... სახელწოდება 2011.
300 ## - ფიზიკური აღწერა
Extent 185 გვ. ;
Other physical details 26 სმ.
653 ## - INDEX TERM--UNCONTROLLED
Uncontrolled term სახელმწიფო ენის სწავლების საკითხები.
653 ## - INDEX TERM--UNCONTROLLED
Uncontrolled term კონფერენციის მასალები
710 ## - ADDED ENTRY--CORPORATE NAME
Corporate name or jurisdiction name as entry element ივანე ჯავახიშვილის სახელობის თბილისის სახელმწიფო უნივერსიტეტი
9 (RLIN) 2623
710 ## - ADDED ENTRY--CORPORATE NAME
Corporate name or jurisdiction name as entry element საქართველოს განათლებისა და მეცნიერების სამინისტრო
9 (RLIN) 1898
710 ## - ADDED ENTRY--CORPORATE NAME
Corporate name or jurisdiction name as entry element შოთა რუსთაველის სახელმწიფო უნივერსიტეტი
9 (RLIN) 2624
710 ## - ADDED ENTRY--CORPORATE NAME
Corporate name or jurisdiction name as entry element სამოქალაქო ინტეგრაციისა და ეროვნებათშორისი ურთიერთობების ცენტრი
9 (RLIN) 2625
942 ## - ADDED ENTRY ELEMENTS (KOHA)
Koha item type წიგნი
Source of classification or shelving scheme
ეგზემპლარები
ჩამოწერის სტატუსი დაკარგული ეგზემპლარის სტატუსი კლასიფიკაციის წყარო ან თაროზე გაწყობის სქემა დაზიანების სტატუსი არ გაიცემა მუდმივი მდებარეობა (დაცვის ადგილი) ამჟამინდელი ადგილსამყოფელი თაროზე განთავსების ადგილი შეძენის თარიღი სრული შენახვის შიფრი შტრიხკოდი ბოლო ოპერაციის თარიღი ეგზემპლარის მიმდევრობითი ნომერი (კეტერი?) ფასის ძალაში შესვლის თარიღი ეგზემპლარის სახეობა საჯარო შენიშვნა
          ბათუმის შოთა რუსთაველის სახელმწიფო უნივერსიტეტის მთავარი ბიბლიოთეკა ბათუმის შოთა რუსთაველის სახელმწიფო უნივერსიტეტის მთავარი ბიბლიოთეკა წიგნსაცავი 2018-12-17 81(479.22)(063)+37(479.22)(063) ს–36 5008 2018-12-17 5008 2018-12-17 წიგნი